000
00223nam a22000857a 4500
008
161202b xxu||||| |||| 00| 0 eng d
100
_9
1720
_a
Kapoor.S.
245
_a
Tasty eating for healthy living
260
_a
MUMBAI.PP.
_b
PP
_c
2011
999
_c
4432
_d
4432